000 00844aam a2200325 i 4500
001 768714001
003 CO-MdFUSB
005 20250901141243.0
007 ta
008 250901t2003 ck |||| |||| 00| 0 spa d
020 _a958-96922-0-6
040 _cCO-MdFUSB
041 0 _aspa
_heng
082 0 4 _223
_a249
_bT287o
100 1 _aTempler, Mark
_eautor
240 _aThe prayer of the righteous
245 1 3 _aLa oración de los justos
_c/ Mark Templer
250 _asegunda edición
264 _bCSA Press,
_aBogotá, Colombia :
_c[2003]
264 1 _c©2003
264 4 _c©2003
300 _a141 páginas
336 _atexto
_btxt
_2rdacontent
337 _2rdamedia
_asin mediación
_bn
338 _2rdacarrier
_avolumen
_bnc
563 _aRústico
650 7 _aOración
_986
942 _cBK
945 _aJTF-925
999 _c32032
_d32032